[Event "Florianopolis op 9th"]
[Site "Florianopolis"]
[Date "2023.01.24"]
[Round "2"]
[White "Custodio, Leandro"]
[Black "Duarte, Giovanna Torqui"]
[Result "1-0"]
[WhiteElo "1964"]
[BlackElo "1040"]
[PlyCount "71"]
[EventDate "2023.01.23"]
[EventType "swiss"]
[EventRounds "10"]
[EventCountry "BRA"]
[SourceTitle "CBM 212 Extra"]
[Source "ChessBase"]
[SourceDate "2023.03.31"]
[SourceVersion "1"]
[SourceVersionDate "2023.03.31"]
[SourceQuality "1"]

1. Nf3 c5 2. b3 Nf6 3. Bb2 b6 4. e3 Nc6 5. Be2 Bb7 6. 0-0 e6 7. Ne5 Nxe5 8. Bxe5 d6 9. Bb2 Be7 10. f4 0-0 11. Bf3 Qd7 12. d3 d5 13. Nd2 b5 14. Qe2 c4 15. Bd4 Qd8 16. bxc4 bxc4 17. dxc4 Ne4 18. cxd5 exd5 19. Bxe4 dxe4 20. Rab1 Qd7 21. f5 a5 22. Qg4 f6 23. Nxe4 Rfe8 24. Bxf6 Bf8 25. Ng3 Rxe3 26. Bd4 Qc6 27. Rxb7 Qxb7 28. Bxe3 Qb2 29. Qc4+ Kh8 30. Bd4 Qb7 31. f6 Rd8 32. Nh5 h6 33. fxg7+ Bxg7 34. Bxg7+ Kh7 35. Qg4 Rd7 36. Nf6# 1-0

[Event "BRA-ch 87th"]
[Site "Cuiaba"]
[Date "2021.11.04"]
[Round "11"]
[White "Custodio, Leandro"]
[Black "Luz, Arthur Nader"]
[Result "0-1"]
[WhiteElo "1953"]
[BlackElo "2149"]
[PlyCount "54"]
[EventDate "2021.10.28"]
[EventType "swiss"]
[EventRounds "11"]
[EventCountry "BRA"]
[SourceTitle "CBM 205 Extra"]
[Source "ChessBase"]
[SourceDate "2022.01.31"]
[SourceVersion "1"]
[SourceVersionDate "2022.01.31"]
[SourceQuality "1"]

1. Nf3 g6 2. d4 Nf6 3. h4 d5 4. Nc3 c5 5. dxc5 Nc6 6. Bg5 d4 7. Bxf6 exf6 8. Ne4 Bf5 9. Nd6+ Bxd6 10. cxd6 Qb6 11. e4 dxe3 12. Bd3 exf2+ 13. Kf1 Bxd3+ 14. Qxd3 0-0-0 15. Rd1 Rd7 16. h5 Rhd8 17. hxg6 hxg6 18. Qa3 Kb8 19. Rh4 g5 20. Ra4 Rh8 21. Ke2 Re8+ 22. Kf1 Re6 23. c4 g4 24. Nh4 Re3 25. b3 g3 26. c5 Qb5+ 27. Rc4 Qxc4+ 0-1

[Event "BRA-ch 87th"]
[Site "Cuiaba"]
[Date "2021.11.02"]
[Round "9"]
[White "Custodio, Leandro"]
[Black "Cymbalista, Eduardo Cymrot"]
[Result "1-0"]
[WhiteElo "1953"]
[BlackElo "1735"]
[PlyCount "107"]
[EventDate "2021.10.28"]
[EventType "swiss"]
[EventRounds "11"]
[EventCountry "BRA"]
[SourceTitle "CBM 205 Extra"]
[Source "ChessBase"]
[SourceDate "2022.01.31"]
[SourceVersion "1"]
[SourceVersionDate "2022.01.31"]
[SourceQuality "1"]

1. Nf3 d5 2. b3 Nf6 3. Bb2 Bf5 4. e3 e6 5. Bd3 Bxd3 6. cxd3 Bd6 7. 0-0 Nbd7 8. d4 Qe7 9. Ne5 0-0-0 10. d3 h5 11. Nd2 Ng4 12. Ndf3 f6 13. Ng6 Qf7 14. Nxh8 Rxh8 15. e4 g5 16. Qe2 dxe4 17. dxe4 h4 18. e5 fxe5 19. Nxe5 Ndxe5 20. dxe5 Qf4 21. g3 hxg3 22. hxg3 Qf5 23. exd6 Rh2 24. d7+ Kd8 25. Qxg4 Qxg4 26. Kxh2 Kxd7 27. Rad1+ Kc6 28. Rc1+ Kb6 29. Rc2 c6 30. Kg1 Qe4 31. Rd2 a5 32. Bd4+ Ka6 33. Be3 g4 34. Rc1 Qf5 35. Rc4 e5 36. Rd1 Qg6 37. Re1 Qf5 38. Bc5 Qg5 39. Rce4 Qd2 40. R4e2 Qc3 41. Rxe5 a4 42. bxa4 b5 43. axb5+ cxb5 44. a4 b4 45. Bxb4 Qd3 46. Rc5 Kb6 47. Re6+ Kb7 48. Re7+ Kb6 49. Re6+ Kb7 50. Rce5 Qc2 51. Re1 Qf5 52. Re7+ Kc8 53. Ra7 Qf6 54. Re8+ 1-0

[Event "BRA-ch 87th"]
[Site "Cuiaba"]
[Date "2021.10.31"]
[Round "5"]
[White "Custodio, Leandro"]
[Black "Santos, Marcus Vinicius M"]
[Result "1-0"]
[WhiteElo "1953"]
[BlackElo "2375"]
[PlyCount "51"]
[EventDate "2021.10.28"]
[EventType "swiss"]
[EventRounds "11"]
[EventCountry "BRA"]
[SourceTitle "CBM 205 Extra"]
[Source "ChessBase"]
[SourceDate "2022.01.31"]
[SourceVersion "1"]
[SourceVersionDate "2022.01.31"]
[SourceQuality "1"]

1. Nf3 g6 2. d4 Bg7 3. h4 Nf6 4. h5 Nxh5 5. e4 d5 6. e5 c5 7. dxc5 Nc6 8. Bb5 0-0 9. Bxc6 bxc6 10. Rh4 f5 11. g3 Rb8 12. Nbd2 Qa5 13. c3 Qxc5 14. Nb3 Qb6 15. Be3 Qc7 16. Qd4 a5 17. 0-0-0 e6 18. Rdh1 Re8 19. g4 fxg4 20. Qxg4 Ba6 21. Nc5 Be2 22. Rxh5 gxh5 23. Qxh5 Bxf3 24. Qxh7+ Kf7 25. Rg1 Rg8 26. Qg6+ 1-0

[Event "Florianopolis op 6th"]
[Site "Florianopolis"]
[Date "2020.01.25"]
[Round "9"]
[White "Custodio, Leandro"]
[Black "Bitencourt, Evandro Jose dos S"]
[Result "0-1"]
[WhiteElo "1994"]
[BlackElo "1819"]
[PlyCount "104"]
[EventDate "2020.01.20"]
[EventType "swiss"]
[EventRounds "10"]
[EventCountry "BRA"]
[SourceTitle "CBM 194 Extra"]
[Source "ChessBase"]
[SourceDate "2020.03.31"]
[SourceVersion "1"]
[SourceVersionDate "2020.03.31"]
[SourceQuality "1"]

1. Nf3 c5 2. b3 b6 3. g3 Bb7 4. Bg2 Nf6 5. 0-0 g6 6. Bb2 Bg7 7. e3 0-0 8. d3 d6 9. Nbd2 Nbd7 10. a4 a5 11. e4 Ne8 12. c3 Nc7 13. d4 cxd4 14. cxd4 Na6 15. Bc3 Rc8 16. Rc1 Rc7 17. Qe2 Qa8 18. Rfe1 Rfc8 19. Qe3 Nb4 20. Nb1 Na2 21. Rc2 Nxc3 22. Rxc3 Nf6 23. Rxc7 Rxc7 24. Nc3 Qc8 25. Nb5 Rc2 26. Nd2 Rc1 27. Nc4 Rxe1+ 28. Qxe1 Ba6 29. Nxb6 Qc2 30. Qxa5 Qd1+ 31. Bf1 Bxb5 32. Qxb5 Qxd4 33. Bd3 Ng4 34. Qe8+ Bf8 35. Kg2 h5 36. Kh3 Qxb6 37. Bc4 Qxf2 38. Qxf7+ Qxf7 39. Bxf7+ Kxf7 40. a5 Bg7 41. b4 Bd4 42. b5 Nf2+ 43. Kg2 Nxe4 44. b6 Ke6 45. Kf3 d5 46. Ke2 Nd6 47. Kd3 Bc5 48. h3 Bxb6 49. axb6 d4 50. g4 hxg4 51. hxg4 Kd5 52. g5 e5 0-1

[Event "Maringa op 2nd"]
[Site "Maringa"]
[Date "2012.08.11"]
[Round "6"]
[White "Custodio, Leandro"]
[Black "Dibai, Jerry"]
[Result "0-1"]
[WhiteElo "2014"]
[BlackElo "1790"]
[PlyCount "85"]
[EventDate "2012.08.08"]
[EventType "swiss"]
[EventRounds "9"]
[EventCountry "BRA"]
[SourceTitle "CBM 149 Extra"]
[Source "ChessBase"]
[SourceDate "2012.08.24"]
[SourceVersion "1"]
[SourceVersionDate "2012.08.24"]
[SourceQuality "1"]

1. d4 Nf6 2. Nf3 g6 3. Nc3 d5 4. Bf4 Bg7 5. e3 0-0 6. Be2 c5 7. Bxb8 Rxb8 8. Ne5 cxd4 9. exd4 Qa5 10. 0-0 Nd7 11. f4 Nxe5 12. fxe5 f6 13. Bf3 Be6 14. exf6 Bxf6 15. Re1 Bf7 16. Kh1 Rbd8 17. Ne2 e5 18. c3 e4 19. Bg4 h5 20. Bh3 g5 21. g3 Qb6 22. Qb3 Rd6 23. Nc1 Kg7 24. Re2 g4 25. Qxb6 Rxb6 26. Bg2 Be8 27. a4 Bg5 28. a5 Rbf6 29. Nb3 Bb5 30. Ree1 b6 31. axb6 axb6 32. Ra7+ Kg6 33. Rb7 Bc4 34. Nc1 Bd2 35. Rg1 e3 36. Re7 Bxc1 37. Rxc1 e2 38. Rg1 Rf1 39. Re6+ R8f6 40. Bxf1 exf1Q 41. Rxf1 Bxf1 42. Re1 Bd3 43. Kg2 0-1

[Event "Maringa op 2nd"]
[Site "Maringa"]
[Date "2012.08.10"]
[Round "5"]
[White "Deste, Dayan Kuhn"]
[Black "Custodio, Leandro"]
[Result "1-0"]
[WhiteElo "1945"]
[BlackElo "2014"]
[PlyCount "71"]
[EventDate "2012.08.08"]
[EventType "swiss"]
[EventRounds "9"]
[EventCountry "BRA"]
[SourceTitle "CBM 149 Extra"]
[Source "ChessBase"]
[SourceDate "2012.08.24"]
[SourceVersion "1"]
[SourceVersionDate "2012.08.24"]
[SourceQuality "1"]

1. e4 d6 2. d4 Nf6 3. Nc3 g6 4. f4 Bg7 5. Nf3 0-0 6. e5 dxe5 7. fxe5 Nd5 8. Bc4 Nxc3 9. bxc3 Bg4 10. 0-0 e6 11. h3 Bxf3 12. Qxf3 c6 13. Ba3 Nd7 14. Bxf8 Qxf8 15. Rab1 Rb8 16. Rf2 Qe7 17. a4 Nb6 18. Bb3 c5 19. a5 Nd7 20. Ba4 b6 21. Qc6 Rd8 22. Rbf1 Nb8 23. Qb5 cxd4 24. Rxf7 Qg5 25. axb6 Qe3+ 26. Kh1 a6 27. Qc4 Qxe5 28. Qc7 Qxc7 29. bxc7 Rc8 30. cxb8Q Rxb8 31. cxd4 Bxd4 32. Re7 Be5 33. Re8+ Rxe8 34. Bxe8 a5 35. Bd7 a4 36. Bxa4 1-0

[Event "Maringa op 2nd"]
[Site "Maringa"]
[Date "2012.08.09"]
[Round "3"]
[White "Proudian, Armen"]
[Black "Custodio, Leandro"]
[Result "1-0"]
[WhiteElo "2223"]
[BlackElo "2014"]
[PlyCount "65"]
[EventDate "2012.08.08"]
[EventType "swiss"]
[EventRounds "9"]
[EventCountry "BRA"]
[SourceTitle "CBM 149 Extra"]
[Source "ChessBase"]
[SourceDate "2012.08.24"]
[SourceVersion "1"]
[SourceVersionDate "2012.08.24"]
[SourceQuality "1"]

1. e4 d6 2. d4 Nf6 3. Nc3 g6 4. Be3 Bg7 5. Qd2 c6 6. f3 Qa5 7. g4 h5 8. g5 Nfd7 9. Nge2 c5 10. 0-0-0 Nc6 11. Kb1 cxd4 12. Nxd4 Nc5 13. Nd5 Qxd2 14. Rxd2 Rb8 15. b4 Bxd4 16. Bxd4 Nxd4 17. Rxd4 Ne6 18. Rc4 Nxg5 19. f4 Nh7 20. e5 dxe5 21. fxe5 Be6 22. Nc7+ Kd7 23. Bh3 b5 24. Rd1+ Kc8 25. Nxb5+ Kb7 26. Bxe6 fxe6 27. Rd7+ Kb6 28. Nc7 Rhc8 29. a4 a5 30. b5 Nf8 31. Rc6+ Ka7 32. Rxe7 Rb6 33. Ne8+ 1-0

[Event "Sao Jose de Rio Preto 160 Anos"]
[Site "Sao Jose do Rio Preto"]
[Date "2012.03.25"]
[Round "5"]
[White "Goncalves, Ivan Mesquita V"]
[Black "Custodio, Leandro"]
[Result "1/2-1/2"]
[WhiteElo "2098"]
[BlackElo "1847"]
[PlyCount "115"]
[EventDate "2012.03.23"]
[EventType "swiss"]
[EventRounds "6"]
[EventCountry "BRA"]
[SourceTitle "CBM 147 Extra"]
[Source "ChessBase"]
[SourceDate "2012.04.24"]
[SourceVersion "1"]
[SourceVersionDate "2012.04.24"]
[SourceQuality "1"]

1. d4 d5 2. Nf3 Nc6 3. c4 Bg4 4. Nc3 Bxf3 5. exf3 dxc4 6. Be3 e6 7. Bxc4 Bb4 8. 0-0 Bxc3 9. bxc3 Nge7 10. Rb1 Rb8 11. Re1 0-0 12. Bg5 Qd6 13. Qc2 Ng6 14. Qe4 e5 15. Bd5 exd4 16. Bxc6 Qxc6 17. Qxc6 bxc6 18. cxd4 Rb6 19. g3 Rfb8 20. Rbc1 f6 21. Be3 Ra6 22. Rc2 Ne7 23. Rec1 Nd5 24. Rxc6 Rxa2 25. R6c5 Nxe3 26. fxe3 Rbb2 27. Rxc7 Rg2+ 28. Kh1 Rxh2+ 29. Kg1 Rhg2+ 30. Kh1 Rxg3 31. Rc8+ Kf7 32. R8c7+ Kg6 33. Rg1 Rxg1+ 34. Kxg1 a5 35. d5 a4 36. d6 Rd2 37. Ra7 Rxd6 38. Rxa4 Rd2 39. Rg4+ Kf7 40. Rh4 h6 41. Rh5 Kg6 42. Ra5 h5 43. Rb5 Re2 44. e4 h4 45. Kf1 Ra2 46. Kg1 h3 47. f4 Rg2+ 48. Kh1 Rf2 49. f5+ Kg5 50. Rb7 Kf4 51. Rxg7 Kxe4 52. Rh7 Kxf5 53. Rxh3 Kg4 54. Ra3 f5 55. Kg1 Rb2 56. Rc3 f4 57. Kf1 Rh2 58. Ra3 1/2-1/2

[Event "Altinopolis op 1st"]
[Site "Altinopolis"]
[Date "2012.03.03"]
[Round "4"]
[White "Custodio, Leandro"]
[Black "Rodrigues, Nei Jorge"]
[Result "0-1"]
[WhiteElo "1847"]
[BlackElo "2010"]
[PlyCount "64"]
[EventDate "2012.02.03"]
[EventType "swiss"]
[EventRounds "6"]
[EventCountry "BRA"]
[SourceTitle "CBM 147 Extra"]
[Source "ChessBase"]
[SourceDate "2012.04.24"]
[SourceVersion "1"]
[SourceVersionDate "2012.04.24"]
[SourceQuality "1"]

1. d3 b6 2. Nf3 d5 3. g3 Nf6 4. Bg2 e6 5. Ne5 Bd6 6. Bf4 g5 7. Nxf7 Kxf7 8. Bxg5 h6 9. Bh4 Qg8 10. c4 c6 11. 0-0 Nbd7 12. f4 Ng4 13. f5 e5 14. e4 Ndf6 15. Qb3 Bc5+ 16. Kh1 dxc4 17. Qxc4+ Kg7 18. Qc3 Qe8 19. h3 Nf2+ 20. Kh2 Ba6 21. g4 Nxd3 22. Nd2 Bb4 23. Qc2 Rd8 24. Nf3 Nf4 25. g5 hxg5 26. Nxg5 Rxh4 27. Rxf4 exf4 28. Ne6+ Kh8 29. Nxd8 Qxd8 30. Qa4 Ng4+ 31. Kh1 Qd2 32. Qxa6 Rxh3+ 0-1

[Event "Altinopolis op 1st"]
[Site "Altinopolis"]
[Date "2012.03.03"]
[Round "3"]
[White "De Carvalho, Igor Lorenzon"]
[Black "Custodio, Leandro"]
[Result "1/2-1/2"]
[WhiteElo "1831"]
[BlackElo "1847"]
[PlyCount "108"]
[EventDate "2012.02.03"]
[EventType "swiss"]
[EventRounds "6"]
[EventCountry "BRA"]
[SourceTitle "CBM 147 Extra"]
[Source "ChessBase"]
[SourceDate "2012.04.24"]
[SourceVersion "1"]
[SourceVersionDate "2012.04.24"]
[SourceQuality "1"]

1. d4 d5 2. Nf3 Nc6 3. Bf4 Bg4 4. Nbd2 e6 5. c3 Nf6 6. e3 Bd6 7. Bb5 Bxf4 8. exf4 0-0 9. Bxc6 bxc6 10. Qa4 Bxf3 11. Nxf3 c5 12. dxc5 Ne4 13. Qd4 Qe7 14. b4 a5 15. 0-0 axb4 16. cxb4 Ra3 17. Qb2 Rfa8 18. Nd2 Qf6 19. Qxf6 Nxf6 20. b5 Rxa2 21. Nb3 Rxa1 22. Rxa1 Rxa1+ 23. Nxa1 Kf8 24. Nb3 Ke7 25. f3 Nh5 26. g3 g6 27. Kf2 Ng7 28. Nd4 f6 29. Ke3 Kd7 30. Kd3 h5 31. Kc3 g5 32. fxg5 fxg5 33. g4 hxg4 34. fxg4 Ne8 35. Nf3 Nf6 36. Nxg5 Nxg4 37. h3 Ne3 38. Kd4 Nc2+ 39. Ke5 Na3 40. Nxe6 Nxb5 41. Kxd5 c6+ 42. Ke5 Ke7 43. Nd4 Na7 44. h4 Kf7 45. Kd6 Kg6 46. Kc7 Nb5+ 47. Nxb5 cxb5 48. c6 b4 49. Kd6 b3 50. c7 b2 51. c8Q b1Q 52. Qg8+ Kh6 53. Qh8+ Kg6 54. h5+ Kf7 1/2-1/2